Entrepreneurship Ecosystem In Chattisgarh : (Record no. 202990)

MARC details
000 -LEADER
fixed length control field 00617nam a22001697a 4500
005 - DATE AND TIME OF LATEST TRANSACTION
control field 20240517170441.0
010 ## - LCCN (DPL NO)
LC control number ENG-140376
020 ## - INTERNATIONAL STANDARD BOOK NUMBER
Terms of availability 1700.00
International Standard Book Number 9789392568503
035 ## - SYSTEM CONTROL NUMBER
System control number EN-123908
037 ## - SOURCE OF ACQUISITION
Source of stock number/acquisition DBAD
082 ## - DEWEY DECIMAL CLASSIFICATION NUMBER
Classification number 338.04
245 ## - TITLE STATEMENT
Title Entrepreneurship Ecosystem In Chattisgarh :
Statement of responsibility, etc Edited by Nilesh Kumar Tiwari and Manoj Kumar Sahoo
Remainder of title Opportunities And Challenges/
260 ## - PUBLICATION, DISTRIBUTION, ETC. (IMPRINT)
Place of publication, distribution, etc Chattisgarh
Name of publisher, distributor, etc Aditi Publication
Date of publication, distribution, etc 2023
270 ## - ADDRESS
Address Opp. New Panchajanya Vidya Mandir, Near Tiranga Chowk, Kushalpur, Raipur
City Chattisgarh
300 ## - PHYSICAL DESCRIPTION
Extent xx,220p.:
Dimensions 20cm(pb)
942 ## - ADDED ENTRY ELEMENTS (KOHA)
Source of classification or shelving scheme Dewey Decimal Classification
Item type English Books
Classification part 338.04
Call number suffix ENT
Holdings
Withdrawn status Lost status Not for loan Collection code Home library Current library Date acquired Source of acquisition Cost, normal purchase price Full call number Barcode Copy number Cost, replacement price Koha item type
      Non-fiction Bawana Bawana 17/05/2024 DBAD 1700.00 338.04 ENT EN-123908 1 1700.00 English Books

© Delhi Public Library
Hit Counter
free hit counter